000
00194nam a2200085Ia 4500
008
250605s9999 xx 000 0 und d
041
_a
eng
100
_a
Neha Singh
245
_a
Sumitra Woodcraft Ltd.
999
_c
43658
_d
43658